Tvorba vzdialeného HMI v SCADA systéme Promotic bakalárska práca

Enregistré dans:
Détails bibliographiques
Auteur principal: Boloz, Miroslav
Format: Livre
Langue:slovaque
Publié: Bratislava STU FCHPT 2016
Accès en ligne:Voir à l'OPAC
Tags: Ajouter un tag
Pas de tags, Soyez le premier à ajouter un tag!

MARC

LEADER 00000nam a2200000 a 4500
005 20260127134310.0
008 161007 2016 000 0 slo d
035 |a vtls011584810 
039 9 |y 201610071154  |z mschk03 
040 |a STUSCHK1  |b slo  |c STUSCHK1  |e AACR2 
100 1 |a Boloz, Miroslav 
245 1 |a Tvorba vzdialeného HMI v SCADA systéme Promotic  |b bakalárska práca  |c Miroslav Boloz 
260 |a Bratislava  |b STU FCHPT  |c 2016 
300 |a 47 s.  |b il.  |c 25 cm 
500 |a Študijný program: automatizácia, informatizácia a manažment v chémii a potravinárstve 
500 |a Študijný odbor: automatizácia, priemyselné inžinierstvo 
500 |a Školiace pracovisko: Ústav informatizácie, automatizácie a matematiky 
500 |a Evid. číslo: FCHPT-5415-63862 
910 |a SCHK95 
999 |c 9151  |d 9151